000
00320nam a22001337a 4500
020
_a
978-0-19-808611-6
082
_a
671.53
100
_a
Shaw , Milton C.
245
_a
Metal Cutting Principles /
260
_a
New York :
_b
Oxford Uni Press,
_c
2015.
300
_a
651 p. ;
_b
24 cm.
500
_a
Paperback.
942
_c
BK
999
_c
33760
_d
33760